Contested nature promoting international biodiversity with social justice in the twenty-first century (Registro nro. 182441)

Detalles MARC
000 -ENCABEZADO
Número de control [NR] 01254nam a22002657a 4500
005 - FECHA Y HORA DE LA ÚLTIMA TRANSACCIÓN
control field 20140903174950.0
008 - DE LONGITUD FIJA DE DATOS DE ELEMENTOS - INFORMACIÓN GENERAL
Elementos de longitud fija [NR] 131108s2003 xxuad frn s001 0deng
020 ## - NUMERO INTERNACIONAL NORMALIZADO PARA LIBROS [R]
Número Internacional Normalizado del libro [NR] 0791457753
020 ## - NUMERO INTERNACIONAL NORMALIZADO PARA LIBROS [R]
Número Internacional Normalizado del libro [NR] 0791457761
040 ## - FUENTE DE CATALOGACION [NR]
Agencia de catalogación original [NR] CO-BoUCM
Quien Cataloga
Quien Clasifica Aldemar Mondragón
Idioma de catalogación [NR] spa
041 00 - CODIGO DE IDIOMA [R]
Código de idioma para texto/pista de sonido o título separado [R] Inglés
245 00 - MENCION DE TITULO [NR]
Título [NR] Contested nature promoting international biodiversity with social justice in the twenty-first century
Mención de responsabilidad, etc. [NR] editado por Steven R. Brechin...[y otros]
260 ## - PUBLICACION, DISTRIBUCION, ETC. (PIE DE IMPRENTA) [R]
Lugar de publicación, distribución, etc. [R] Albany (New York, Estados Unidos)
Nombre del editor, distribuidor, etc. [R] State University of New York Press
Fecha de publicación, distribución, etc. [R] 2003
300 ## - DESCRIPCION FISICA [R]
Extensión [R] xvi, 321 páginas
Dimensiones [R] ilustraciones y gráficas
504 ## - NOTA DE BIBLIOGRAFIA, ETC. [R]
Nota de bibliografía, etc. [NR] Incluye referencias bibliográficas e índices
650 #4 - ASIENTO SECUNDARIO DE MATERIA - TERMINO TEMATICO [R]
Término temático o nombre geográfico como elemento de entrada [NR] Biodiversity conservation
Subdivisión general [R] Social aspects
Subdivisión geográfica [R] Developing countries.
9 (RLIN) 50111
650 #7 - ASIENTO SECUNDARIO DE MATERIA - TERMINO TEMATICO [R]
Término temático o nombre geográfico como elemento de entrada [NR] Biodiversidad
Subdivisión general [R] Aspectos políticos
Subdivisión geográfica [R] Países en desarrollo
9 (RLIN) 50112
650 #7 - ASIENTO SECUNDARIO DE MATERIA - TERMINO TEMATICO [R]
Término temático o nombre geográfico como elemento de entrada [NR] Protección del medio ambiente
Subdivisión general [R] Aspectos políticos
Subdivisión geográfica [R] Países en desarrollo
9 (RLIN) 50110
650 #7 - ASIENTO SECUNDARIO DE MATERIA - TERMINO TEMATICO [R]
Término temático o nombre geográfico como elemento de entrada [NR] Protección del medio ambiente
Subdivisión general [R] Aspectos sociales
Subdivisión geográfica [R] Países en desarrollo
9 (RLIN) 50109
690 ## - ASUNTO AGREGADO LOCAL DE ENTRADA - TÉRMINO TEMÁTICO (OCLC, RLIN)
9 (RLIN) 42878
Acceso temático local Medio ambiente
700 1# - ASIENTO SECUNDARIO - NOMBRE PERSONAL [R]
Nombre personal [NR] Brechin, Steven R.
Fechas asociadas con el nombre [NR] 1953-
Término de relación [R] editor
9 (RLIN) 50113
700 1# - ASIENTO SECUNDARIO - NOMBRE PERSONAL [R]
Nombre personal [NR] Wilshusen, Peter R.
9 (RLIN) 50114
942 ## - ELEMENTOS DE ENTRADA AGREGADOS (KOHA)
Tema principal Economía
Tipo de ítem principal el descrito en 300a Libro
Edición 1
Parte restante de la signatura top. C761
Sistema de clasificación DEWEY
Clasificación 333.95
Existencias
Total préstamos Signatura topográfica Código de barras Última vez visto Ejemplar Costo de reposición Price effective from Tipo de ítem Perdido Sistema de clasificación Dañado No prestable Tipo de ítem específico Suprimido Ubicación habitual Ubicación actual Localización Fecha de creación Proveedor Forma de adquisición Costo
  333.95 C761 100137608 04/12/2025 Ej.1 52200.00 30/10/2013 Libro   DEWEY     Libro   Claustro Claustro Mezanine 30/10/2013 15 Compra 52200.00
  333.95 C761 100137609 04/12/2025 Ej.2 52200.00 30/10/2013 Libro   DEWEY     Libro   Claustro Claustro Mezanine 30/10/2013 15 Compra 52200.00